000 02050cam a22005174i 4500
003 PE-LiUPU
005 20250731165459.0
008 150623s r 000 0 d
020 _a1850757569
035 _a(Sirsi) i9781850757566
040 _aPE-LiUPU
_bspa
_cPE-LiUPU
_erda
049 _aPRUA
082 0 4 _a225.077
_bJP
_221
100 1 _aTurner, Max,
_eautor.
245 1 0 _aPower from on high :
_bthe Spirit in Israel's restoration and witness in Luke-Acts.
_n9 /
_cMax Turner.
264 1 _aSheffield, Great Britain :
_bSheffield Academic Press,
_c1996.
300 _a511 páginas ;
_c23 centímetros
336 _atext
_2rdacontent
337 _aunmediated
_2rdamedia
338 _avolume
_2rdacarrier
490 0 _aJournal of Pentecostal Theology. Supplement Series ;
_v9
504 _aBibliografía al final de los capítulos.
505 0 _aLuke and the spirit in contemporary scholarship. -Diverging explanations of the essential chartacter of the gift of the spirit. -The Spirit of prophecy in judaism and as a background to Luke-Acts. -The messiah of the spirit. -The disciples and the spirit.
526 _aSEG44
526 _aSEG26
526 _aP151
526 _aP150
526 _aP149
526 _aP146
526 _aP145
526 _aP126
526 _aP125
526 _aP92
526 _aP75
526 _aP74
526 _aP27
526 _aP15
630 _aBiblia.
_pN.T.
_pHechos
_xComentarios.
650 0 4 _aEspíritu Santo.
_91618
942 _2ddc
_cBOOK
949 _aRC 225.077 JP 9
_wDEWEY
_c1
_i45606
_lCCODEBUL1
_mBUL
_r0
_sY
_tBOOK
_u2015-6-24
_xTEOLOGIA
_PP35
_0COMPRA
_o.CIRCNOTE. No olvidar cambiar la fecha de devolución!!!!!!!
_o.STAFF. Colección General
994 _aC0
_bPEPRU
596 _a1
999 _aRC 225.077 JP 9
_wDEWEY
_c22475
_i45606
_f2021-11-8
_g6
_lCCODEBUL1
_mBUL
_r1
_sY
_tBOOK
_u2015-6-24
_xTEOLOGIA
_PP35
_0COMPRA
_o.CIRCNOTE. No olvidar cambiar la fecha de devolución!!!!!!!
_o.STAFF. Colección General
_d22475
980 _81
_gALBERTO SANCHEZ Responsable de Automatización